[Event "Klatovy op-B 29th"]
[Site "Klatovy"]
[Date "2023.07.01"]
[Round "1"]
[White "Krejbich, Lukas"]
[Black "Mejzr, Jan"]
[Result "0-1"]
[WhiteElo "1291"]
[BlackElo "1842"]
[PlyCount "52"]
[EventDate "2023.07.01"]
[EventType "swiss"]
[EventRounds "9"]
[EventCountry "CZE"]
[SourceTitle "CBM 215 Extra"]
[Source "ChessBase"]
[SourceDate "2023.09.30"]
[SourceVersion "1"]
[SourceVersionDate "2023.09.30"]
[SourceQuality "1"]

1. d4 d5 2. e3 c5 3. Nf3 Nc6 4. Nbd2 Nf6 5. c4 cxd4 6. exd4 e6 7. a3 dxc4 8. Nxc4 Be7 9. b4 0-0 10. Bd3 a6 11. 0-0 b5 12. Nce5 Bb7 13. Re1 Rc8 14. h4 Rc7 15. Bf4 Nxe5 16. Nxe5 Qd5 17. Nf3 Rd7 18. Re5 Qc6 19. Rg5 Qb6 20. Rg3 Nh5 21. Rg4 f5 22. Rxg7+ Nxg7 23. Ne5 Rdd8 24. Bh6 Qxd4 25. Bxg7 Kxg7 26. Ra2 Qd5 0-1

[Event "Klatovy op-B 23rd"]
[Site "Klatovy"]
[Date "2017.07.09"]
[Round "9"]
[White "Nandin Erdene, Davaadembere"]
[Black "Krejbich, Lukas"]
[Result "1-0"]
[WhiteElo "1501"]
[BlackElo "1041"]
[PlyCount "71"]
[EventDate "2017.07.01"]
[EventType "swiss"]
[EventRounds "9"]
[EventCountry "CZE"]
[SourceTitle "EXT 2018"]
[Source "ChessBase"]
[SourceDate "2017.10.13"]
[SourceVersion "1"]
[SourceVersionDate "2017.10.13"]
[SourceQuality "1"]

1. e4 e5 2. Nf3 Nc6 3. Bc4 Bc5 4. c3 Nf6 5. d4 Bb6 6. dxe5 Ng4 7. Nd4 Ngxe5 8. Nxc6 bxc6 9. Be2 Qf6 10. 0-0 0-0 11. Kh1 d6 12. a4 Qh4 13. f3 Bf2 14. Bf4 g5 15. g3 Qh3 16. Bxe5 Bc5 17. Bd4 Bxd4 18. cxd4 Rb8 19. b3 h5 20. Rf2 Qe6 21. Nd2 Rb4 22. Rc1 d5 23. exd5 Qxd5 24. Nc4 Bh3 25. Rc3 Re8 26. Kg1 Rbb8 27. g4 Re6 28. gxh5 Rbe8 29. f4 Rf6 30. Rxh3 Qf5 31. h6 Qxh3 32. Qd2 g4 33. Bxg4 Rg6 34. Ne5 Rxg4+ 35. Nxg4 Qxg4+ 36. Rg2 1-0

[Event "Klatovy op-B 23rd"]
[Site "Klatovy"]
[Date "2017.07.07"]
[Round "7"]
[White "Kudrna, Miroslav"]
[Black "Krejbich, Lukas"]
[Result "1/2-1/2"]
[WhiteElo "1569"]
[BlackElo "1041"]
[PlyCount "48"]
[EventDate "2017.07.01"]
[EventType "swiss"]
[EventRounds "9"]
[EventCountry "CZE"]
[SourceTitle "EXT 2018"]
[Source "ChessBase"]
[SourceDate "2017.10.13"]
[SourceVersion "1"]
[SourceVersionDate "2017.10.13"]
[SourceQuality "1"]

1. e4 e5 2. Nf3 Nc6 3. Bb5 a6 4. Bxc6 dxc6 5. 0-0 Bc5 6. c3 Nf6 7. d4 Be7 8. dxe5 Nxe4 9. Qxd8+ Bxd8 10. Re1 f5 11. exf6 Bf5 12. Nbd2 0-0 13. Nxe4 Re8 14. Neg5 Rxe1+ 15. Nxe1 Bxf6 16. Bf4 h6 17. Ngf3 Rc8 18. Rd1 g5 19. Bg3 h5 20. h4 g4 21. Ne5 Re8 22. N5d3 Re7 23. Nf4 Rh7 24. Nc2 Bxc2 1/2-1/2

[Event "Klatovy op-B 23rd"]
[Site "Klatovy"]
[Date "2017.07.04"]
[Round "4"]
[White "Krejbich, Lukas"]
[Black "Skalny, Petr"]
[Result "0-1"]
[WhiteElo "1041"]
[BlackElo "1767"]
[PlyCount "68"]
[EventDate "2017.07.01"]
[EventType "swiss"]
[EventRounds "9"]
[EventCountry "CZE"]
[SourceTitle "EXT 2018"]
[Source "ChessBase"]
[SourceDate "2017.10.13"]
[SourceVersion "1"]
[SourceVersionDate "2017.10.13"]
[SourceQuality "1"]

1. d4 Nf6 2. c4 e6 3. Nc3 d5 4. e3 c5 5. Nf3 Nc6 6. Be2 Be7 7. 0-0 0-0 8. a3 Qc7 9. Nb5 Qb6 10. Bd3 Rd8 11. b3 a6 12. Nc3 dxc4 13. bxc4 cxd4 14. Rb1 Qa7 15. Na4 Bc5 16. Re1 dxe3 17. fxe3 Rb8 18. Kh1 b5 19. Nxc5 Qxc5 20. Qc2 b4 21. a4 a5 22. Bb2 b3 23. Qd1 Qe7 24. Nd4 Ne5 25. Be2 Bb7 26. Bf3 Nxf3 27. gxf3 e5 28. Nf5 Qe6 29. Qe2 Qxf5 30. Rf1 Rd7 31. c5 Rbd8 32. Bc3 Qc2 33. Qxc2 bxc2 34. Rbc1 Rd1 0-1

[Event "Klatovy op-B 23rd"]
[Site "Klatovy"]
[Date "2017.07.03"]
[Round "3"]
[White "Skalicky, Jindrich"]
[Black "Krejbich, Lukas"]
[Result "1/2-1/2"]
[WhiteElo "1274"]
[BlackElo "1041"]
[PlyCount "34"]
[EventDate "2017.07.01"]
[EventType "swiss"]
[EventRounds "9"]
[EventCountry "CZE"]
[SourceTitle "EXT 2018"]
[Source "ChessBase"]
[SourceDate "2017.10.13"]
[SourceVersion "1"]
[SourceVersionDate "2017.10.13"]
[SourceQuality "1"]

1. Nf3 Nc6 2. e4 e5 3. Bb5 a6 4. Bxc6 dxc6 5. 0-0 Bd6 6. d4 exd4 7. Qxd4 f6 8. e5 Be7 9. Qxd8+ Bxd8 10. Re1 Ne7 11. exf6 gxf6 12. Nd4 0-0 13. Ne6 Bxe6 14. Rxe6 Nd5 15. Bh6 Kf7 16. Bxf8 Kxe6 17. Nc3 Nxc3 1/2-1/2

[Event "Klatovy op-B 23rd"]
[Site "Klatovy"]
[Date "2017.07.02"]
[Round "2"]
[White "Krejbich, Lukas"]
[Black "Lukes, Martin"]
[Result "0-1"]
[WhiteElo "1041"]
[BlackElo "1474"]
[PlyCount "72"]
[EventDate "2017.07.01"]
[EventType "swiss"]
[EventRounds "9"]
[EventCountry "CZE"]
[SourceTitle "EXT 2018"]
[Source "ChessBase"]
[SourceDate "2017.10.13"]
[SourceVersion "1"]
[SourceVersionDate "2017.10.13"]
[SourceQuality "1"]

1. e4 e5 2. Nf3 Nc6 3. Bc4 Bc5 4. 0-0 Nf6 5. d3 d6 6. Bg5 h6 7. Bd2 Bg4 8. Nc3 Nd4 9. Rc1 Nxf3+ 10. gxf3 Bh3 11. Re1 Nh5 12. Nd5 c6 13. Ne3 Nf4 14. Ng4 h5 15. Bxf4 exf4 16. Qd2 Qg5 17. Kh1 hxg4 18. Rg1 f6 19. d4 Bb6 20. b4 0-0-0 21. Be6+ Kb8 22. Bxg4 Bxg4 23. fxg4 Rh4 24. f3 Rdh8 25. Rg2 Rh3 26. Rf1 d5 27. e5 fxe5 28. dxe5 Qxe5 29. Re1 Be3 30. Qe2 Qc3 31. Rd1 Qxb4 32. g5 Qc5 33. g6 Rg3 34. a4 d4 35. Rb1 Qg5 36. Qa6 Rxh2+ 0-1